Catalog

Record Details

Catalog Search



Nothing stays buried  Cover Image Book Book

Nothing stays buried / P.J. Tracy.

Tracy, P. J, (author.).

Summary:

"The Monkeewrench crew returns to face the city of Minneapolis's worst nightmare--a rampant serial killer on the loose--in the electrifying new thriller. When Minneapolis homicide detectives Leo Magozzi and Gino Rolseth are called to a crime scene in a heavily wooded city park, everything about the setting is all too familiar. And when they discover a playing card on the victim's body, their worst fears are confirmed--there's a serial killer operating in the city for the first time in years. Across town, Grace MacBride and her unconventional partners at Monkeewrench Software find themselves at both personal and career crossroads. Weary of the darker side of their computer work for law enforcement, they agree to take on a private missing-persons case in a small farming community in southwestern Minnesota. As the violence accelerates in Minneapolis, Magozzi and Gino soon realize their killer is planning to complete the deck, and they enlist Monkeewrench to help stop the rampage. As a baffling tangle of evidence accumulates, the cops and Monkeewrench make the unlikely connections among a farmer's missing daughter, a serial killer, and a decades-old stabbing that brings them face-to-face with pure evil"-- ?c Provided by publisher.

Record details

  • ISBN: 9780735212473
  • ISBN: 0735212473
  • Physical Description: 306 pages ; 19 cm.
  • Edition: First G.P. Putnam's Sons premium edition.
  • Publisher: New York : G.P. Putnam's Sons, 2018, ©2017.
Subject: Police > Minnesota > Minneapolis > Fiction.
Serial murder investigation > Fiction.
Computer scientists > Fiction.
Genre: Suspense fiction.
Mystery fiction.

LDR 02448nam a2200361Ii 4500
001147967
003CONS
00520180806090621.0
008171230r20182017nyu 000 1 eng d
020 . ‡a9780735212473 ‡q(paperback)
020 . ‡a0735212473 ‡q(paperback)
035 . ‡a(CPomAG)LMN607710
05014. ‡aPS3620.R33 ‡bN68 2018
08204. ‡a813/.6 ‡223
1001 . ‡aTracy, P. J, ‡eauthor.
24510. ‡aNothing stays buried / ‡cP.J. Tracy.
250 . ‡aFirst G.P. Putnam's Sons premium edition.
264 1. ‡aNew York : ‡bG.P. Putnam's Sons, ‡c2018, ©2017.
300 . ‡a306 pages ; ‡c19 cm.
336 . ‡atext ‡2rdacontent
337 . ‡aunmediated ‡2rdamedia
338 . ‡avolume ‡2rdacarrier
4901 . ‡aA Monkeewrench novel
520 . ‡a"The Monkeewrench crew returns to face the city of Minneapolis's worst nightmare--a rampant serial killer on the loose--in the electrifying new thriller. When Minneapolis homicide detectives Leo Magozzi and Gino Rolseth are called to a crime scene in a heavily wooded city park, everything about the setting is all too familiar. And when they discover a playing card on the victim's body, their worst fears are confirmed--there's a serial killer operating in the city for the first time in years. Across town, Grace MacBride and her unconventional partners at Monkeewrench Software find themselves at both personal and career crossroads. Weary of the darker side of their computer work for law enforcement, they agree to take on a private missing-persons case in a small farming community in southwestern Minnesota. As the violence accelerates in Minneapolis, Magozzi and Gino soon realize their killer is planning to complete the deck, and they enlist Monkeewrench to help stop the rampage. As a baffling tangle of evidence accumulates, the cops and Monkeewrench make the unlikely connections among a farmer's missing daughter, a serial killer, and a decades-old stabbing that brings them face-to-face with pure evil"-- ?c Provided by publisher.
650 0. ‡aPolice ‡zMinnesota ‡zMinneapolis ‡vFiction.
650 0. ‡aSerial murder investigation ‡vFiction.
650 0. ‡aComputer scientists ‡vFiction.
655 7. ‡aSuspense fiction. ‡2gsafd
655 7. ‡aMystery fiction. ‡2gsafd
8001 . ‡aTracy, P. J. ‡tMonkeewrench novel.
914 . ‡aSCP_kt
959 . ‡i32269001073041 ‡lF Tra ‡aAdult - Fiction ‡tFiction ‡g10.00
852 . ‡p32269001073041 ‡jF Tra ‡gAdult - Fiction ‡cFiction ‡y10.00 ‡bSBPL
901 . ‡a147967 ‡bUnknown ‡c147967 ‡tbiblio

Additional Resources